[Event "Toronto-ch Seniors"]
[Site "Toronto"]
[Date "2010.11.23"]
[Round "5"]
[White "Bellomo, Joe"]
[Black "Kormendi, Fred"]
[Result "1-0"]
[WhiteElo "1700"]
[BlackElo "1537"]
[PlyCount "95"]
[EventDate "2010.10.26"]
[EventType "tourn"]
[EventRounds "7"]
[EventCountry "CAN"]
[SourceTitle "EXT 2022"]
[Source "ChessBase"]
[SourceDate "2021.10.06"]
[SourceVersion "1"]
[SourceVersionDate "2021.10.06"]
[SourceQuality "1"]

1. e4 Nc6 2. d4 e6 3. Nf3 Nf6 4. Nbd2 d5 5. e5 Nd7 6. Nb3 b6 7. c3 Be7 8. Bd3 Bb7 9. 0-0 Nf8 10. Re1 Ng6 11. Bd2 h6 12. Qc2 Nh4 13. Nxh4 Bxh4 14. Re3 Bg5 15. Rg3 Bxd2 16. Qxd2 g5 17. Be2 Ne7 18. Bh5 Rf8 19. Re1 Nf5 20. Rf3 Ng7 21. g4 Qe7 22. Rf6 Nxh5 23. gxh5 Rh8 24. Re3 0-0-0 25. Ref3 Rdf8 26. Qe3 Bc6 27. Nd2 Kb7 28. Rg3 Be8 29. Nf1 c5 30. Qd2 a6 31. Ne3 Rh7 32. Ng4 Rfh8 33. Rgf3 Kc6 34. Qd3 c4 35. Qc2 b5 36. Ne3 Kb7 37. Ng4 Kc6 38. Rh3 Kb6 39. Rff3 b4 40. Nf6 Rg7 41. Rhg3 a5 42. cxb4 axb4 43. a3 b3 44. Qc3 Kb5 45. Qe1 Bc6 46. Qe2 Ka4 47. Rxb3 cxb3 48. Qa6# 1-0